000 01041nam a2200277 4500
001 148474
003 ES-MaACL
005 20250401172105.0
007 t|
008 070214s1949 sp r ||||1| spa d
100 1 _aSteinbeck, John (
_d1902-1968)
_9108042
245 1 3 _aLa perla /
_cJohn Steinbeck ; versión española de Francisco Baldiz.
250 _a1ª. ed.
260 _aBarcelona :
_bLuis de Caralt,
_c1949.
300 _a126 p. ;
_c20 cm.
490 1 _aCol. latorre de marfil
510 _aCCPB,
_c000840973-0.
655 7 _2tgfbne
_9234959
_aNovelas cortas
700 1 _aBaldiz, Francisco.
_924892
830 0 _aCol. latorre de marfil
_9221011
852 _aES-MaACL
_jD-6248
_bR.28937
_bR.M.5843
_9153814
_cSVI
_fSello en tinta azul de la Biblioteca del Ateneo de Madrid.
_xEncuaderrnación en tela verde.
942 _2udc
_cMONOGRAFIA
999 _c148474
_d148474